Biggest Cities in Bihar - Statistics

General Stats
  • This quiz has been taken 56 times
  • The average score is 5 of 10
Answer Stats
Population City % Correct
2,049,156 Patna
100%
475,987 Gaya
69%
396,590 Muzaffarpur
64%
308,011 Darbhanga
56%
252,008 Begusarai
39%
412,209 Bhagalpur
39%
312,669 Purnia
36%
261,430 Arrah
33%
240,838 Katihar
33%
297,268 Bihar`
25%
No matching quizzes found
Score Distribution
Percent of People with Each Score
Percentile by Number Answered
Your Score History
You have not taken this quiz